000 00774cam a2200265 4500
008 090401t1994 xxu||||| |||| 00| 0 eng d
020 _a0854066543
035 _a(Sirsi) u60610
041 _aeng
050 _a333.3209667
090 _aRICS 1994/39ABCD
100 _aKasanga, K.
245 _aLand tenure systems and ecological degradation in Northern Ghana: what role for local authorities?
260 _aLondon
_bRICS
_c1994
300 _a20p. ; 30cm.
350 _a0
490 _aRICS Foundation Our Common Estate Series
650 _aECOLOGICAL DEGRADATION
650 _aECOSYSTEMS
650 _aLAND TENURE
690 _aOVERSEAS-REST OF THE WORLD
710 _aRoyal Institution of Chartered Surveyors
_94900
942 _n0
948 _c04/03/1997
999 _c94243
_d94243